000
00324nam a2200133Ia 4500
003
GCL
008
140319s9999 xx 000 0 ara d
040
_a
GCL /
_c
GCL
082
0
4
_a
811.9
_b
ك ر
100
1
_a
كمال اسماعيل
245
1
0
_a
ربيع يوليو /
_c
كمال اسماعيل
300
_a
91 ص
490
_a
999
_c
47538
_d
47538